[Event "22nd Oberwarter Open"]
[Site "Oberwart (Austria)"]
[Date "2000.07.11"]
[Round "4.17"]
[White "ELFERT, Aleksandr"]
[Black "LEITNER, Kurt"]
[Result "0-1"]
[WhiteElo "2412"]
[BlackElo "2162"]
[PlyCount "88"]
[EventDate "2000.07.11"]

1. e4 c5 2. Nf3 Nc6 3. Bb5 d6 4. e5 d5 5. O-O e6 6. d4 cxd4 7. Nxd4 Bd7 8. Nxc6
bxc6 9. Bd3 Qb6 10. c4 Ne7 11. Nc3 c5 12. a4 Rd8 13. a5 Qb8 14. f4 g6 15. cxd5
exd5 16. f5 gxf5 17. Bg5 Rg8 18. e6 Bxe6 19. Bb5+ Bd7 20. Bf4 Qb7 21. Qe2 d4
22. a6 Qa8 23. Bxd7+ Rxd7 24. Na4 d3 25. Qd2 Bg7 26. Rae1 Qc6 27. Nc3 Bxc3 28.
bxc3 c4 29. Bg3 Kf8 30. Re5 Rd5 31. Rfe1 Rxg3 32. hxg3 Qc5+ 33. R5e3 f4 34.
gxf4 Nf5 35. Kf2 Rd6 36. Kf1 Re6 37. Kf2 Rxe3 38. Rxe3 Qxe3+ 39. Qxe3 Nxe3 40.
Kxe3 f5 41. Kf3 Kf7 42. Ke3 Kg6 43. g3 Kh5 44. Kf3 h6 0-1

[Event "22nd Oberwarter Open"]
[Site "Oberwart (Austria)"]
[Date "2000.07.11"]
[Round "4.18"]
[White "KRSTIC, Uros"]
[Black "ZSIFKOVITS, Robert"]
[Result "1-0"]
[WhiteElo "2375"]
[BlackElo "2132"]
[PlyCount "31"]
[EventDate "2000.07.11"]

1. e4 d5 2. exd5 Nf6 3. d4 Nxd5 4. Nf3 g6 5. c4 Nb6 6. h3 Bg7 7. Nc3 O-O 8. Be3
Nc6 9. Qd2 e5 10. d5 Ne7 11. g4 e4 12. Ng5 f5 13. O-O-O fxg4 14. hxg4 Bxg4 15.
Rxh7 Qd7 16. c5 1-0

[Event "22nd Oberwarter Open"]
[Site "Oberwart (Austria)"]
[Date "2000.07.11"]
[Round "4.19"]
[White "KOVACS, Gabor"]
[Black "HOPFGARTNER, Heinz"]
[Result "1-0"]
[WhiteElo "2348"]
[BlackElo "2129"]
[PlyCount "93"]
[EventDate "2000.07.11"]

1. d4 e6 2. Nf3 d5 3. Bf4 Nf6 4. e3 Bd6 5. Ne5 Nbd7 6. Nd2 Bxe5 7. dxe5 Ne4 8.
Nxe4 dxe4 9. Qg4 Kf8 10. O-O-O h5 11. Qg3 Qe7 12. Bg5 f6 13. exf6 gxf6 14. Bh4
e5 15. Bc4 Qg7 16. Be6 Qxg3 17. hxg3 Ke7 18. Bxd7 Bxd7 19. Bxf6+ Kxf6 20. Rxd7
Rac8 21. Rh4 Kf5 22. Kd1 a5 23. Ke2 b6 24. Rd1 Rcg8 25. Rdh1 Rg5 26. g4+ Rxg4
27. Rxh5+ Rxh5 28. Rxh5+ Ke6 29. Rh7 Kd6 30. g3 Rg6 31. c4 c5 32. Rh4 Ke6 33.
Rxe4 Kf5 34. Rh4 Re6 35. f3 Kg5 36. Rh2 e4 37. f4+ Kg4 38. Kf2 Rd6 39. Rh4+ Kf5
40. g4+ Kg6 41. Ke2 Rd8 42. g5 Rb8 43. Rh6+ Kg7 44. b3 b5 45. cxb5 Rxb5 46. Kd2
Rb7 47. Re6 {.} 1-0

[Event "22nd Oberwarter Open"]
[Site "Oberwart (Austria)"]
[Date "2000.07.11"]
[Round "4.20"]
[White "WADSACK, Wolfgang"]
[Black "ZSINKA, Laszlo"]
[Result "1-0"]
[WhiteElo "2133"]
[BlackElo "2342"]
[PlyCount "133"]
[EventDate "2000.07.11"]

1. e4 e5 2. Nc3 Nf6 3. Nf3 Nc6 4. d4 exd4 5. Nxd4 Bb4 6. Nxc6 bxc6 7. Bd3 d5 8.
exd5 cxd5 9. O-O O-O 10. Bg5 c6 11. Qf3 Be7 12. Rae1 h6 13. Bxh6 gxh6 14. Qe3
Kg7 15. Qxe7 Qxe7 16. Rxe7 c5 17. b3 Be6 18. Nb5 Rfe8 19. Rc7 Rec8 20. Re1 a6
21. Rxc8 Rxc8 22. Nd6 Rc6 23. Nf5+ Kf8 24. h3 c4 25. Nd4 Rc8 26. Bf1 Bd7 27.
bxc4 dxc4 28. Re5 Be8 29. c3 Bd7 30. f3 Rc7 31. Nf5 h5 32. Ra5 Be6 33. Nd6 Nd5
34. Bxc4 Nxc3 35. Bxe6 fxe6 36. Rxh5 Nxa2 37. Ra5 Nb4 38. Ra4 Rc1+ 39. Kh2 Rb1
40. g4 Rb2+ 41. Kg3 Rb1 42. Ne4 Kf7 43. Nc5 Rg1+ 44. Kh2 Rb1 45. Nxa6 Nd3 46.
Rd4 Ne5 47. Rf4+ Ke7 48. Nc5 Rc1 49. Nb3 Rd1 50. Kg2 Rd3 51. Nd4 Ng6 52. Re4 e5
53. Nf5+ Kf6 54. Kg3 Nf4 55. Rxf4 exf4+ 56. Kxf4 Ra3 57. Ng3 Kg6 58. h4 Ra4+
59. Ne4 Rb4 60. Kg3 Rb3 61. g5 Kf5 62. h5 Rb1 63. h6 Rh1 64. Nf2 Ra1 65. Nh3
Ra3 66. Kh4 Ra1 67. h7 1-0

[Event "22nd Oberwarter Open"]
[Site "Oberwart (Austria)"]
[Date "2000.07.11"]
[Round "4.21"]
[White "FUCHS, Stefan"]
[Black "HANEL, Reinhard"]
[Result "1/2-1/2"]
[WhiteElo "2123"]
[BlackElo "2340"]
[PlyCount "123"]
[EventDate "2000.07.11"]

1. e4 c5 2. Nf3 Nc6 3. b3 d6 4. Bb2 e6 5. Bb5 Bd7 6. Qe2 Nf6 7. e5 Nd5 8. g3 a6
9. Bd3 Ndb4 10. exd6 Nxd3+ 11. Qxd3 Nb4 12. Qc3 Bc6 13. Kd1 Qxd6 14. Re1 Nd3
15. Qxd3 Qxd3 16. cxd3 Bxf3+ 17. Kc2 O-O-O 18. Nc3 Bg4 19. Ne4 f6 20. Rac1 b6
21. Re3 e5 22. f3 Bf5 23. g4 Bd7 24. Rf1 Be7 25. f4 exf4 26. Rxf4 Rhe8 27. h3
Bc6 28. Rf2 Bd6 29. Nxd6+ Rxd6 30. Rxe8+ Bxe8 31. g5 fxg5 32. Bxg7 Bg6 33. Rf8+
Kb7 34. Rf3 b5 35. Kc3 Rd5 36. d4 Rd7 37. Be5 cxd4+ 38. Bxd4 Rc7+ 39. Kb4 Rc2
40. a3 Rxd2 41. Kc5 Rd3 42. Rxd3 Bxd3 43. Bf6 h6 44. Bg7 h5 45. Bh6 g4 46. hxg4
hxg4 47. b4 g3 48. Be3 g2 49. Bg1 Bc2 50. Be3 Kc7 51. Bg1 Kd7 52. Kd4 Ke6 53.
Bh2 Kf5 54. Ke3 Be4 55. Kf2 Ke6 56. Bc7 Kd5 57. Kg1 Kc4 58. Ba5 Kb3 59. Kf2 Kc3
60. Kg1 Kb3 61. Kf2 Kc4 62. Kg1 1/2-1/2

[Event "22nd Oberwarter Open"]
[Site "Oberwart (Austria)"]
[Date "2000.07.11"]
[Round "4.22"]
[White "DOBROV, Vladimir"]
[Black "ZAYNARD, Andreas"]
[Result "1-0"]
[WhiteElo "2339"]
[BlackElo "2074"]
[PlyCount "51"]
[EventDate "2000.07.11"]

1. d4 d6 2. Nf3 f5 3. c4 g6 4. Nc3 Nf6 5. g3 Bg7 6. Bg2 O-O 7. O-O c6 8. Rb1
Nh5 9. b3 f4 10. e3 fxg3 11. fxg3 Bg4 12. Bb2 Nd7 13. Ne4 Bh6 14. Qe2 Ndf6 15.
Nf2 Bd7 16. e4 Ng4 17. Nxg4 Bxg4 18. Rbe1 Bg7 19. Qd2 Qb6 20. Kh1 c5 21. e5 Rf5
22. exd6 exd6 23. dxc5 dxc5 24. Bxg7 Kxg7 25. Re7+ Kg8 26. Qh6 1-0

[Event "22nd Oberwarter Open"]
[Site "Oberwart (Austria)"]
[Date "2000.07.11"]
[Round "4.23"]
[White "FRUEHAUF, Norbert"]
[Black "NEULINGER, Manfred"]
[Result "0-1"]
[WhiteElo "2102"]
[BlackElo "2286"]
[PlyCount "70"]
[EventDate "2000.07.11"]

1. e4 c6 2. d4 d5 3. Nc3 dxe4 4. Nxe4 Nf6 5. Nxf6+ gxf6 6. c3 Bf5 7. Ne2 Nd7 8.
Ng3 Bg6 9. h4 h5 10. Be2 Qa5 11. a4 O-O-O 12. b4 Qc7 13. a5 e5 14. a6 b6 15.
O-O e4 16. Be3 f5 17. f4 Be7 18. c4 Bxh4 19. Nh1 Bf6 20. Rb1 h4 21. Qa4 Bh5 22.
Bxh5 Rxh5 23. d5 c5 24. Rfd1 Be7 25. d6 Bxd6 26. Rb2 cxb4 27. Rxd6 Qxd6 28. Rd2
Qc7 29. Qb5 Nc5 30. Rxd8+ Kxd8 31. Nf2 b3 32. Bd4 Qd7 33. Bf6+ Kc8 34. Qb4 e3
35. Nh3 Rh6 0-1

[Event "22nd Oberwarter Open"]
[Site "Oberwart (Austria)"]
[Date "2000.07.11"]
[Round "4.24"]
[White "WALDMANN, Ivan"]
[Black "MAYR, Thomas"]
[Result "1-0"]
[WhiteElo "2278"]
[BlackElo "2059"]
[PlyCount "83"]
[EventDate "2000.07.11"]

1. e4 e5 2. Nf3 Nc6 3. Nc3 Nf6 4. d4 exd4 5. Nxd4 Bb4 6. Nxc6 bxc6 7. Bd3 h6 8.
e5 Nd5 9. Qg4 Rf8 10. O-O Qe7 11. Nxd5 cxd5 12. Qxg7 Bb7 13. Bxh6 Qe6 14. Qf6
Rg8 15. Qxe6+ dxe6 16. f4 Bd2 17. h4 Rg4 18. g3 Rxg3+ 19. Kh2 Rg8 20. Bg5 Kd7
21. h5 d4 22. h6 Rh8 23. Rad1 Be3 24. Kg3 Rag8 25. h7 Rg7 26. Rh1 Rxg5+ 27.
fxg5 Bxh1 28. Rxh1 Bxg5 29. Kg4 Be3 30. b4 Ke7 31. Kf3 f6 32. exf6+ Kxf6 33.
Rh3 Kf7 34. Ke4 Bg5 35. Kxd4 Ke7 36. Kc5 Kd7 37. Rg3 Be7+ 38. Kb5 a6+ 39. Kxa6
Bxb4 40. Rg8 Bc3 41. Kb7 Kd6 42. a4 1-0

[Event "22nd Oberwarter Open"]
[Site "Oberwart (Austria)"]
[Date "2000.07.11"]
[Round "4.25"]
[White "PIELER, Markus"]
[Black "VUKOVIC, Ivo"]
[Result "0-1"]
[WhiteElo "2067"]
[BlackElo "2272"]
[PlyCount "62"]
[EventDate "2000.07.11"]

1. e4 d6 2. d4 Nf6 3. f3 g6 4. Be3 Bg7 5. c4 O-O 6. Bd3 Nc6 7. Nc3 e5 8. d5 Nd4
9. Nge2 Nh5 10. Bc2 Qh4+ 11. Bf2 Qg5 12. Rg1 c5 13. dxc6 bxc6 14. Qd2 Qxd2+ 15.
Kxd2 Be6 16. Bd3 a5 17. Nxd4 exd4 18. Ne2 c5 19. g4 Nf6 20. Nf4 Nd7 21. Ke2 Ne5
22. Nd5 Bxd5 23. exd5 Rfe8 24. Be4 Nxc4 25. b3 d3+ 26. Kxd3 Bxa1 27. Kxc4 Be5
28. h4 a4 29. Bc2 axb3 30. Bxb3 Rab8 31. Be1 Bd4 0-1

[Event "22nd Oberwarter Open"]
[Site "Oberwart (Austria)"]
[Date "2000.07.11"]
[Round "4.26"]
[White "LANTZSCH, Christian"]
[Black "LOEBLER, Heimo"]
[Result "1/2-1/2"]
[WhiteElo "2064"]
[BlackElo "2264"]
[PlyCount "37"]
[EventDate "2000.07.11"]

1. c4 b6 2. Nf3 Bb7 3. Nc3 e6 4. g3 Bb4 5. Bg2 Nf6 6. O-O Bxc3 7. bxc3 O-O 8.
Re1 c5 9. Rb1 d6 10. d3 Nbd7 11. e4 Ne8 12. Nd2 g6 13. Nb3 Ng7 14. Bf4 e5 15.
Bh6 Qc7 16. Bh3 f5 17. f3 Rae8 18. Na1 Rf7 19. Nc2 {.} 1/2-1/2

[Event "22nd Oberwarter Open"]
[Site "Oberwart (Austria)"]
[Date "2000.07.11"]
[Round "4.27"]
[White "KLJAKO, Damir"]
[Black "HOFBAUER, Peter"]
[Result "1/2-1/2"]
[WhiteElo "2258"]
[BlackElo "2052"]
[PlyCount "86"]
[EventDate "2000.07.11"]

1. d4 g6 2. e4 Bg7 3. Nf3 d6 4. Nc3 Bg4 5. Be3 Nd7 6. Be2 e5 7. dxe5 Bxf3 8.
Bxf3 Nxe5 9. Be2 Nf6 10. f4 Nc6 11. Bf3 O-O 12. O-O Re8 13. Re1 Re7 14. Bf2 Rd7
15. Bh4 Ne7 16. Bxf6 Bxf6 17. Bg4 Bxc3 18. bxc3 f5 19. exf5 gxf5 20. Bh3 Qf8
21. Qd3 Qf7 22. c4 Rf8 23. Re3 Ng6 24. g3 Re7 25. Rae1 Rfe8 26. Rxe7 Rxe7 27.
Rxe7 Nxe7 28. Bg2 b6 29. Bd5 Nxd5 30. Qxd5 Kf8 31. Qxf7+ Kxf7 32. Kf2 Ke6 33.
h3 h5 34. Kf3 c6 35. g4 h4 36. g5 Kf7 37. Ke3 Ke6 38. Kd4 Kf7 39. Kc3 Ke6 40.
Kb4 Kf7 41. a4 a5+ 42. Kc3 Ke6 43. Kd4 Kf7 {.} 1/2-1/2

[Event "22nd Oberwarter Open"]
[Site "Oberwart (Austria)"]
[Date "2000.07.11"]
[Round "4.28"]
[White "SPOERK, Rainer"]
[Black "RIEKE, Theo"]
[Result "1/2-1/2"]
[WhiteElo "2050"]
[BlackElo "2220"]
[PlyCount "52"]
[EventDate "2000.07.11"]

1. e4 e5 2. Nf3 Nc6 3. d4 exd4 4. Nxd4 Nf6 5. Nxc6 bxc6 6. e5 Qe7 7. Qe2 Nd5 8.
Nd2 Nb4 9. Nf3 Ba6 10. c4 c5 11. Qe4 Rb8 12. Qe2 d5 13. b3 d4 14. Kd1 Qd7 15.
Ne1 Be7 16. h4 O-O 17. Nd3 Nxd3 18. Qxd3 f6 19. exf6 Rxf6 20. f3 Re8 21. h5 Bd6
22. Rh4 Bg3 23. Rg4 Qd6 24. Bd2 Bc8 25. Re4 Ref8 26. Bg5 Bf5 {.} 1/2-1/2

[Event "22nd Oberwarter Open"]
[Site "Oberwart (Austria)"]
[Date "2000.07.11"]
[Round "4.31"]
[White "ROGULJ, Branko"]
[Black "RIEDL, Johannes"]
[Result "1-0"]
[WhiteElo "2460"]
[BlackElo "2177"]
[PlyCount "43"]
[EventDate "2000.07.11"]

1. e4 e6 2. d4 d5 3. Nc3 Bb4 4. Nge2 dxe4 5. a3 Bxc3+ 6. Nxc3 Bd7 7. Nxe4 Bc6
8. Ng5 Nf6 9. Nf3 Nbd7 10. Be2 h6 11. O-O Qe7 12. c4 O-O 13. Bf4 Rac8 14. b4
Kh8 15. d5 exd5 16. b5 Qe4 17. bxc6 bxc6 18. Bg3 dxc4 19. Nd2 Qe7 20. Bxc4 Nd5
21. Re1 Qg5 22. Nf3 1-0

[Event "22nd Oberwarter Open"]
[Site "Oberwart (Austria)"]
[Date "2000.07.11"]
[Round "4.32"]
[White "ZIMMERMAN, Yuri"]
[Black "KLEISER, Gregor"]
[Result "1-0"]
[WhiteElo "2379"]
[BlackElo "2170"]
[PlyCount "85"]
[EventDate "2000.07.11"]

1. d4 Nf6 2. c4 g6 3. Nc3 d5 4. cxd5 Nxd5 5. Bd2 Nb6 6. Bg5 Bg7 7. e3 O-O 8. b4
a5 9. b5 c5 10. bxc6 Nxc6 11. Nf3 h6 12. Bh4 g5 13. Bg3 g4 14. Nd2 e5 15. Nb5
exd4 16. Bc7 Qf6 17. Ne4 Qe7 18. Bd3 Qb4+ 19. Kf1 Nc4 20. Rb1 Nb2 21. Qc2 Nxd3
22. Rxb4 Ndxb4 23. Qd2 Be6 24. Nxd4 Bxa2 25. h3 Bd5 26. Nc3 Bc4+ 27. Kg1 g3 28.
fxg3 Rac8 29. Bb6 Ne7 30. Bxa5 Nbc6 31. Bb6 Ra8 32. Kh2 Ra6 33. Rb1 Rfa8 34.
Bc7 Nxd4 35. exd4 Nf5 36. Be5 f6 37. Bc7 Rc6 38. Rxb7 Rc8 39. Qf4 Ne7 40. Ba5
Ng6 41. Qg4 Bf7 42. Qd7 Nh8 43. Nd5 1-0

[Event "22nd Oberwarter Open"]
[Site "Oberwart (Austria)"]
[Date "2000.07.11"]
[Round "4.33"]
[White "KREBS, Johann"]
[Black "MEDVEGY, Nora"]
[Result "0-1"]
[WhiteElo "2209"]
[BlackElo "2350"]
[Annotator "OEM LOTHAR KARRER"]
[PlyCount "98"]
[EventDate "2000.07.11"]

1. d4 Nf6 2. c4 e6 3. Nf3 b6 4. g3 Bb7 5. Bg2 Be7 6. Nc3 Ne4 7. Bd2 f5 8. d5
O-O (8... Bf6 9. Qc2 Qe7 10. Rd1 exd5 11. cxd5 c6 (11... c5 12. Bf4 {- 62/544})
12. dxc6 dxc6 13. Nxe4 $5 (13. O-O Na6 14. Bh3 Bxc3 15. Bxc3 O-O 16. Be5 Nac5
17. b4 Nd7 18. Bxf5 Rxf5 19. Qxe4 Rf7 20. Qc4 Re8 21. Bf4 Kh8 22. Ng5 Rf5 23.
Qd3 Rxg5 24. Bxg5 Nf6 25. Bxf6 gxf6 26. Qd7 Ba6 27. Qxe7 Rxe7 28. Rfe1 {
1-0 Horvath,C-Miniboeck,G/Oesterreich 1995 (28)}) 13... fxe4 (13... Qxe4 14.
Qxe4+ fxe4 15. Ng5 $16) 14. Nh4 $1 Bxh4 15. gxh4 O-O $1 (15... Qxh4 $2 16.
Qxe4+ Qxe4 17. Bxe4) 16. Qc4+ (16. Qxe4 Qf7 17. O-O Nd7 18. Bb4 $1 Rfe8 19. Qf3
Nf6 20. Bc3 $16) 16... Qf7 (16... Kh8 17. Bg5 Qe5 18. Qf7 $1) 17. Qxf7+ Rxf7
18. Bxe4 $16 {Chalifman-Kortschnoi, Sankt Peterburg 1997}) 9. Qc2 Nd6 ({
Eine solide Alternative ist nach Tisdall} 9... exd5 10. Nxd5 Nc6 11. O-O a5 12.
Rad1 Bf6 13. Be3 Kh8 14. Nxf6 Rxf6 15. Ng5 Nb4 16. Qb1 Qe8 17. a3 Na6 18. Nxe4
Bxe4 19. Bxe4 fxe4 20. Rd4 Re6 21. Rfd1 d6 22. b4 axb4 23. axb4 Nxb4 24. Qxb4
c5 25. Qxb6 cxd4 26. Rxd4 d5 {1/2-1/2, J. Horvath-Atalik, Elekes mem 1991}) 10.
b3 Na6 (10... Bf6 11. Rd1 Qe7 12. O-O Na6 13. Ne1 (13. e3 c6 $1 $11) (13. Be3
$5 e5 14. Na4 $14) 13... c6 (13... e5 14. e4 f4 $6 15. gxf4 exf4 16. Bxf4 Bxc3
17. Bxd6 $16) (13... Nb4 14. Qb1 e5 15. e4 f4 $6 16. gxf4 exf4 17. Nf3 Nf7 18.
Nb5 $16) 14. dxe6 dxe6 15. e4 $146 Nb4 (15... Bxc3 16. Bxc3 Nxe4 17. Bxe4 fxe4
18. Qxe4 c5 19. Qe3) 16. Qb1 c5 17. Bf4 $5 (17. exf5 Bxg2 18. Nxg2 Nxf5 $11)
17... Nf7 18. Nb5 e5 19. Bc1 Rad8 (19... fxe4 20. Nc3 $1 $14) 20. Rxd8 Rxd8 21.
a3 (21. exf5 $6 Bxg2 22. Nxg2 e4 $15) 21... Nc6 22. exf5 Nd4 23. Nxd4 (23. Nc3
e4 $1 24. Bxe4 Ne2+ $1 25. Nxe2 Bxe4 $17) 23... exd4 $1 24. Bxb7 Qxb7 25. Bf4
Bg5 $5 (25... Be5 26. Bd2 (26. Nd3 $2 Bxf4 27. Nxf4 Ng5 $1 28. Nd5 Rxd5 29.
cxd5 Qxd5 $19) 26... Bf6 $1 27. Nd3 $5 (27. Bf4 $11) 27... Qe4 28. Re1 Qxf5 29.
Kg2 $11) 26. Qc1 h6 27. h4 Bf6 (27... Bxf4 28. Qxf4 d3 29. Nf3 $16) 28. Qc2 Be5
29. Nd3 Bxf4 30. Nxf4 Ne5 31. Nd5 d3 $2 (31... Rxd5 $1 32. Qe4 $1 (32. cxd5 $2
Qxd5 33. f4 Nf3+ 34. Kf2 Nh2 $1 $19) 32... Rd7 33. Qxe5 Re7 34. Qf4 Qe4 35.
Qb8+ Kh7 36. Qf8 Qe5 $44) 32. Qd1 b5 33. Re1 Rxd5 (33... bxc4 $6 34. Rxe5 (34.
bxc4 $6 Rxd5 $1) 34... cxb3 (34... Rxd5 35. Qf3 $1 Rd7 36. Re8+ Kh7 37. Qg4 Rd6
38. h5 $18) 35. Qxd3 Kf8 $1 36. Qe2 $1 b2 37. Nc3 $16) 34. cxd5 Qxd5 35. Rxe5
Qxe5 36. Qxd3 a6 37. h5 {Q 4/e} 37... Qc7 $2 (37... Qa1+ 38. Kg2 Qxa3 39. Qd5+
Kf8 40. Qd6+ Kf7 41. Qg6+ Kf8 42. f6 gxf6 43. Qxh6+ $1 Kf7 44. Qg6+ Ke6 45. h6
$18) (37... Kf7 $1 38. f4 (38. Qd7+ Kf6 39. Qc6+ Kf7 40. Qxa6 Qe1+ 41. Kg2 Qe4+
42. Kh2 Qxf5 $11) (38. Kg2 Kf6 39. g4 Qf4 $14) 38... Qa1+ 39. Kg2 Qxa3 $14) 38.
Qd5+ Kf8 39. Qa8+ Ke7 40. Qxa6 c4 41. Qe6+ Kf8 42. bxc4 bxc4 43. f6 $1 $18 c3
44. fxg7+ Qxg7 (44... Kxg7 45. Qg6+ Kf8 46. Qxh6+ Kg8 47. Qg6+ Kf8 48. Qc2) 45.
Qc8+ Kf7 46. Qc4+ Kf8 47. Qc5+ Ke8 48. Kf1 Qf6 49. Ke2 {1-0 Van der Sterren,
P-Salov,V/Wijk aan Zee 71/546 1998/Inf 71/[Van der Sterren,P] (49)}) 11. O-O
Nc5 12. Rad1 Nce4 13. Nxe4 $6 ({
Hierauf erlangt der Nachziehende Vorteil. Korrekt war} 13. dxe6 $1 dxe6 14. Bf4
Qe8 15. Nd4 Nxc3 16. Bxb7 Nxb7 17. Qxc3 {mit etwas besserem Spiel fuer Weiss.})
13... fxe4 14. Ne5 exd5 15. cxd5 Bxd5 16. Bb4 Be6 ({Mit} 16... c6 17. Bxd6 Bxd6
18. Nc4 Bc5 19. Bxe4 Bxe4 20. Qxe4 Re8 21. Qc2 d5 {
konnte der Nachziehende einigen Vorteil festhalten.}) 17. Bxd6 $2 ({Richtig war
} 17. Bxe4 Nxe4 18. Nc6 Qe8 19. Nxe7+ Kh8 20. Nd5 c5 21. Nc7 Qg6 22. Nxa8 cxb4
23. Nc7 Nxg3 24. Qxg6 Nxe2+ 25. Kh1 hxg6 26. Nxe6 dxe6 27. Rd2 {
mit etwas besserem Spiel fuer Weiss.}) 17... cxd6 18. Nc4 d5 19. Ne3 Rc8 20.
Qb1 Rc5 21. b4 Rb5 22. Nc2 a5 23. a4 Rxb4 24. Nxb4 Bxb4 25. f3 Bc5+ 26. Kh1 e3
27. f4 d4 28. Be4 h6 29. Kg2 ({Nach} 29. Rc1 d5 30. Qb3 Qd6 31. Bg2 {
haette sich der schwarze Vorteil in Grenzen gehalten.}) 29... Qe7 30. Qd3 Kh8
31. f5 ({Besser war} 31. Rc1 d5 32. Bg6) 31... Bg8 32. f6 $6 ({Zu versuchen war
} 32. Kg1 d5 33. Bg2 Qg5 34. Rc1 Rf6 35. Bh1 {
mit nur wenig besserem Spiel fuer Schwarz, z.B.} 35... Bh7 36. Bxd5 Bxf5 37.
Be4 Bxe4 38. Qxe4 Rf2 {
und es ist nicht zu sehen, wie Schwarz sein Spiel verstaerken sollte.}) 32...
Rxf6 33. Rxf6 gxf6 34. Rf1 Bc4 35. Qxc4 Qxe4+ 36. Kh3 Kg7 37. g4 h5 38. Rg1 $6
({Nach} 38. gxh5 {waere Schwarz nur wenig besser gestanden.}) 38... h4 {
Viel staerker war hier oder im naechsten Zug ... d5!} 39. Rf1 Bd6 40. Rf5 {
Hiernach erscheint die Punkteteilung unumgaenglich.} 40... Qh1 41. g5 $4 ({
Uebersieht die rettende Pattwendung} 41. Rg5+ fxg5 42. Qf7+ Kh6 43. Qh7+ Kxh7 {

[Event "22nd Oberwarter Open"]
[Site "Oberwart (Austria)"]
[Date "2000.07.12"]
[Round "5.1"]
[White "KUPREICHIK, Viktor"]
[Black "STANEC, Nikolaus"]
[Result "1/2-1/2"]
[WhiteElo "2472"]
[BlackElo "2484"]
[PlyCount "87"]
[EventDate "2000.07.12"]

1. e4 c6 2. Nc3 d5 3. d4 dxe4 4. Nxe4 Nf6 5. Nxf6+ exf6 6. Nf3 g6 7. Bf4 Bg7 8.
Qd2 O-O 9. Be2 Re8 10. O-O Nd7 11. Rfe1 Nf8 12. h3 Bf5 13. Rad1 Be4 14. Nh2 h5
15. c4 Bf5 16. Nf1 Ne6 17. Be3 Ng5 18. Ng3 Bd7 19. d5 h4 20. Nf1 Ne4 21. Qb4
Qc8 22. Nd2 cxd5 23. cxd5 f5 24. Nf3 a5 25. Qb6 Qd8 26. Qxd8 Raxd8 27. Bd4 Rc8
28. Bxg7 Kxg7 29. Bd3 Rc5 30. Bb1 Rb5 31. Re2 Ng5 32. Ne5 f6 33. Nxd7 Rxe2 34.
Bd3 Rbxb2 35. Bxe2 Rxe2 36. d6 Nf7 37. Nc5 Nd8 38. Rb1 Rd2 39. Nxb7 Nxb7 40.
Rxb7+ Kf8 41. Ra7 Rxd6 42. Rxa5 Rd1+ 43. Kh2 f4 44. Ra7 {.} 1/2-1/2

[Event "22nd Oberwarter Open"]
[Site "Oberwart (Austria)"]
[Date "2000.07.12"]
[Round "5.2"]
[White "LERNER, Konstantin"]
[Black "KRIVOSHEY, Sergei"]
[Result "0-1"]
[WhiteElo "2583"]
[BlackElo "2429"]
[PlyCount "120"]
[EventDate "2000.07.12"]

1. d4 Nf6 2. Nf3 c5 3. c4 g6 4. Nc3 cxd4 5. Nxd4 Nc6 6. g3 Bg7 7. Bg2 O-O 8.
O-O Ng4 9. e3 d6 10. Nde2 Qa5 {/\ Dh5, ><h2} (10... Rb8 $5) 11. Nd5 $5 {<->"5"}
(11. Qd5 $6 Qxd5 12. cxd5 Nb4 $15) 11... Qd8 $146 (11... Rb8 12. Bd2 Qd8 (12...
Qc5 $6 13. b4 Qxc4 14. Rc1 $16 Qxa2 (14... Qa6 15. a4 {/\ b5}) (14... Qd3 15.
Nef4 Qf5 $2 16. Rxc6 $1 bxc6 17. Nxe7+) 15. b5 {><e7})) 12. Rb1 Rb8 13. b3 Nf6
(13... b5 $2 14. cxb5 Rxb5 15. Nec3 Rb6 16. Na4 Ra6 17. b4 Nce5 18. b5 Ra5 19.
Bd2 $16) 14. Bb2 Nxd5 15. cxd5 Bxb2 (15... Ne5 $5) 16. Rxb2 Ne5 17. h3 $1 Qb6 (
17... Bd7 $4 18. f4 $18) 18. Nd4 Nd7 19. Re1 Nc5 20. e4 Bd7 (20... f6 $6 21.
Kh2 {/\ f4,e5}) 21. e5 Rbc8 (21... dxe5 22. Rxe5 Qd6 23. Rbe2 Rfe8 $14) 22. e6
fxe6 23. dxe6 Bb5 24. Rd2 Rf6 25. Re3 Bc6 (25... Rcf8 $6 26. b4 Na4 27. Nxb5
Qxb5 28. Bxb7 Qxb7 29. Qxa4 $16) 26. a3 {><"b3"} 26... a5 27. Qg4 Bxg2 28. Kxg2
d5 $1 {/\ Se4} 29. f3 Rcf8 $6 {!} (29... a4 $5 30. bxa4 (30. b4 Nb3 $17) 30...
Nxa4 $132 31. Qg5 $2) 30. Qg5 {#} (30. h4 $1 $16) 30... Ne4 $3 31. fxe4 Qxd4
32. Ree2 (32. Rxd4 $4 Rf2+ 33. Kg1 Rf1+ 34. Kg2 R8f2#) 32... Qa1 {#} 33. Rf2 $2
(33. Qxd5 $8 Rf1 34. Qd4 $11) 33... Qe1 (33... dxe4 $5 34. Qe3 Qe5 $17) 34.
Rxf6 Qxe4+ 35. Rf3 Rxf3 36. Qxd5 Qxd5 37. Rxd5 Rxb3 38. Rxa5 Kg7 39. a4 Kf6 40.
Ra7 Kxe6 41. a5 h5 42. a6 bxa6 43. Rxa6+ Kf7 (43... Kf5 44. g4+ $5 hxg4 45.
hxg4+ Kg5 46. Re6) 44. h4 Rd3 {/\  46. ..Td6 47. Ta4 Tf6 o^"e"} 45. Ra4 Kf6 46.
g4 (46. Rf4+ $5) 46... hxg4 47. Rxg4 e5 48. Ra4 Rd4 49. Ra6+ Kf5 50. Kg3 Rg4+
51. Kh3 g5 52. hxg5 Rxg5 $19 53. Ra8 (53. Ra1 Rg8 (53... e4 $4 54. Ra5+ $11)
54. Rf1+ Ke4 55. Re1+ Kf3 {><"Kh3"} 56. Rf1+ Ke2 $19) 53... Rg7 54. Kh2 Kf4 55.
Rf8+ Ke3 56. Ra8 e4 57. Ra6 Kf3 58. Rf6+ Ke2 59. Ra6 e3 60. Ra7 Rxa7 0-1

[Event "22nd Oberwarter Open"]
[Site "Oberwart (Austria)"]
[Date "2000.07.12"]
[Round "5.3"]
[White "ALMASI, Istvan"]
[Black "EINGORN, Vereslav"]
[Result "1/2-1/2"]
[WhiteElo "2429"]
[BlackElo "2586"]
[PlyCount "23"]
[EventDate "2000.07.12"]

1. c4 c5 2. g3 g6 3. Bg2 Bg7 4. Nc3 Nc6 5. e3 d6 6. Nge2 Bd7 7. b3 Nf6 8. Bb2
O-O 9. O-O Rb8 10. d4 a6 11. Rc1 Qa5 12. dxc5 {.} 1/2-1/2

[Event "22nd Oberwarter Open"]
[Site "Oberwart (Austria)"]
[Date "2000.07.12"]
[Round "5.4"]
[White "MEDVEGY, Zoltan"]
[Black "SHARIYAZDANOV, Andrey"]
[Result "0-1"]
[WhiteElo "2428"]
[BlackElo "2582"]
[PlyCount "102"]
[EventDate "2000.07.12"]

1. e4 c5 2. Nf3 d6 3. d4 cxd4 4. Nxd4 Nf6 5. Nc3 a6 6. Be3 e5 7. Nb3 Be6 8. Be2
Be7 9. Nd5 Nbd7 10. Qd3 Bxd5 11. exd5 O-O 12. O-O Rc8 13. c4 Ne8 14. Bg4 e4 15.
Qxe4 Nef6 16. Qd4 Nxg4 17. Qxg4 Ne5 18. Qe2 Nxc4 19. Bd4 Bf6 20. Rac1 b5 21.
Rfe1 Be5 22. Bxe5 dxe5 23. Red1 Qd6 24. Rc2 Rfd8 25. Rdc1 Rb8 26. Nd2 Nb6 27.
Nf3 f6 28. Rd1 Rbc8 29. Rxc8 Rxc8 30. Nh4 g6 31. f4 Nxd5 32. fxe5 fxe5 33. Nf3
Qc5+ 34. Kh1 Ne3 35. Re1 Ng4 36. h3 Nf2+ 37. Kh2 e4 38. Nd2 Nd3 39. Rf1 Qe5+
40. Kh1 Re8 41. b3 Nf4 42. Qe3 Nh5 43. Re1 Ng3+ 44. Kg1 Nf5 45. Qe2 Qd4+ 46.
Kh2 e3 47. Nf1 Qf4+ 48. Kh1 Nd4 49. Qg4 Qxg4 50. hxg4 e2 51. Ng3 Re3 0-1

[Event "22nd Oberwarter Open"]
[Site "Oberwart (Austria)"]
[Date "2000.07.12"]
[Round "5.5"]
[White "WEINZETTL, Ernst"]
[Black "BURMAKIN, Vladimir"]
[Result "1/2-1/2"]
[WhiteElo "2409"]
[BlackElo "2538"]
[PlyCount "156"]
[EventDate "2000.07.12"]

1. e4 c6 2. d3 d5 3. Nd2 e5 4. Ngf3 Nd7 5. g3 Ngf6 6. Bg2 Bc5 7. O-O O-O 8. Nh4
Re8 9. Nb3 Bf8 10. Nf5 Nb6 11. Qf3 Bxf5 12. Qxf5 dxe4 13. dxe4 Nc4 14. Qf3 Qe7
15. Qe2 Qe6 16. Nd2 Nd6 17. a4 a5 18. b3 Be7 19. Re1 Bd8 20. Ba3 Bb6 21. Bxd6
Qxd6 22. Nc4 Qc7 23. Nxb6 Qxb6 24. Rad1 Rad8 25. Rxd8 Rxd8 26. Rd1 Kf8 27. Bf3
Ke7 28. Kg2 Rxd1 29. Qxd1 Qb4 30. Qe2 Qc3 31. h3 Nd7 32. Bg4 Nc5 33. h4 Qb4 34.
Bf3 Qc3 35. Bg4 h6 36. h5 Qb4 37. Bf5 Qc3 38. Qg4 Kf8 39. Qd1 Qd4 40. Qe1 b6
41. Qe2 Qd8 42. Qe1 Qd4 43. Qe2 Qd6 44. Qf3 Kg8 45. Qe2 Qd4 46. Qg4 Kf8 47. Qf3
Qd6 48. Kf1 Qd8 49. Kg2 Qf6 50. Qe3 Qd6 51. Qf3 Ke7 52. Qg4 Qf6 53. Qe2 Qd6 54.
Qg4 Kf8 55. Qf3 Ke8 56. Qg4 Qf6 57. Qe2 Qd8 58. Qg4 Qg5 59. Qe2 Qd8 60. Qg4 Kf8
61. Qf3 Qd6 62. Bg6 Qf6 63. Bf5 Kg8 64. Qe2 Qd6 65. Qg4 Kf8 66. Qf3 Na6 67. Bg6
Qe7 68. Qe2 Nc5 69. Bf5 Qd8 70. Qf3 Qf6 71. Qg4 Qd6 72. Qf3 Na6 73. Bg6 Qf6 74.
Qg4 Qe6 75. Bf5 Qd6 76. Bg6 Qe6 77. Bf5 Qd6 78. Bg6 Qe6 {.} 1/2-1/2